| 000 | 00861nam a2200277Ia 4500 | ||
|---|---|---|---|
| 008 | 160803s9999 xx 000 0 und d | ||
| 020 | _a9780545497978 | ||
| 100 | _aBrown, Jeff | ||
| 245 | _aFlat Stanley at bat / | ||
| 245 | _ccreated by Jeff Brown ; by Lori Haskins Houran ; pictures by Macky Pamintuan. | ||
| 260 | _aNew York : | ||
| 260 | _bScholastic Inc. | ||
| 260 | _c2012 | ||
| 300 | _a[32] unnumbered pages : | ||
| 300 | _bcolor illustrations ; | ||
| 300 | _c23 cm. | ||
| 500 | _aOriginally published: New York : HarperCollins Children's Books, 2012. | ||
| 650 | _a Lambchop, Stanley (Fictitious character) -- | ||
| 650 | _aBaseball stories. | ||
| 650 | _aFiction. | ||
| 650 | _aFiction. | ||
| 650 | _xBaseball -- | ||
| 650 | _xJuvenile fiction. | ||
| 650 | _xLambchop, Stanley (Fictitious character) -- | ||
| 700 | _a360 | ||
| 999 |
_c299862 _d299862 |
||